[Event "chess.com Speed 2019"]
[Site "chess.com INT"]
[Date "2019.09.04"]
[Round "1.16"]
[White "Danielian, Elina"]
[Black "Nepomniachtchi, Ian"]
[Result "0-1"]
[WhiteTitle "GM"]
[BlackTitle "GM"]
[WhiteElo "2385"]
[BlackElo "2776"]
[WhiteFideId "13300210"]
[BlackFideId "4168119"]
[EventDate "2019.09.02"]

1. d4 d5 2. Nf3 Bf5 3. Bf4 c6 4. e3 Qb6 5. Qc1 e6 6. c4 Nf6 7. Nc3 Nbd7 8. h3 h6
9. Be2 Be7 10. O-O O-O 11. Rd1 dxc4 12. Nd2 Nd5 13. Nxc4 Qd8 14. Bg3 N7f6 15. f3
Rc8 16. e4 Nxc3 17. bxc3 Bh7 18. Qb2 b6 19. a4 Nh5 20. Bh2 Bg5 21. a5 b5 22. Ne5
Bf4 23. Bxf4 Nxf4 24. Bf1 Qg5 25. Kh2 Rfd8 26. Qf2 Ng6 27. Nd3 e5 28. dxe5 Nxe5
29. Qxa7 Nxd3 30. Bxd3 Qe5+ 31. Kh1 Qxc3 32. Bf1 Bg6 33. a6 Bh5 34. Qf2 Rxd1 35.
Rxd1 Ra8 36. Qb6 Kh7 37. Rd8 Rxd8 38. Qxd8 Qa1 39. Qb6 Qxf1+ 40. Kh2 Qe2 41. Kg1
Qd1+ 42. Kh2 Qc2 43. Kg1 Qb1+ 44. Kh2 Qa2 45. Kg1 b4 46. a7 b3 0-1

[Event "chess.com Speed 2019"]
[Site "chess.com INT"]
[Date "2019.09.04"]
[Round "1.17"]
[White "Nepomniachtchi, Ian"]
[Black "Danielian, Elina"]
[Result "1/2-1/2"]
[WhiteTitle "GM"]
[BlackTitle "GM"]
[WhiteElo "2776"]
[BlackElo "2385"]
[WhiteFideId "4168119"]
[BlackFideId "13300210"]
[EventDate "2019.09.02"]

1. e4 c6 2. Nc3 d5 3. Nf3 Bg4 4. h3 Bxf3 5. Qxf3 e6 6. d4 Nd7 7. Bd3 dxe4 8.
Nxe4 Ngf6 9. c3 Nxe4 10. Qxe4 Bd6 11. O-O Nf6 12. Qf3 Qc7 13. Re1 O-O 14. g3
Rad8 15. Bg5 Be7 16. Bf4 Bd6 17. Bg5 Be7 18. h4 c5 19. dxc5 Qxc5 20. Rad1 b6 21.
Kg2 h6 22. Be3 Qc7 23. Bd4 Rd7 24. Be5 Qc8 25. g4 Nh7 26. Qe4 g6 27. h5 Ng5 28.
Qe3 gxh5 29. f4 Qc6+ 30. Kf2 Bc5 31. Bd4 Rxd4 32. cxd4 Bxd4 33. Bh7+ Kxh7 34.
Rxd4 e5 35. Qd3+ Kg7 36. Rxe5 Ne6 37. Rc4 Qh1 38. Rxe6 fxe6 39. Rc7+ Rf7 40.
Rxf7+ Kxf7 41. Qh7+ Ke8 42. Qg8+ Ke7 43. Qg7+ Kd6 44. Qe5+ Ke7 45. gxh5 Qh2+ 46.
Ke1 Qg1+ 47. Kd2 Qf2+ 48. Kc3 Qf3+ 49. Kb4 Qf2 50. a3 Qh2 51. Kb3 Qf2 52. Ka2
Qg2 53. Qc7+ Kf6 54. Qc3+ Ke7 55. Qc7+ Kf6 56. Qd8+ Kf7 57. Qc7+ Kf6 1/2-1/2

[Event "chess.com Speed 2019"]
[Site "chess.com INT"]
[Date "2019.09.04"]
[Round "1.18"]
[White "Danielian, Elina"]
[Black "Nepomniachtchi, Ian"]
[Result "1-0"]
[WhiteTitle "GM"]
[BlackTitle "GM"]
[WhiteElo "2385"]
[BlackElo "2776"]
[WhiteFideId "13300210"]
[BlackFideId "4168119"]
[EventDate "2019.09.02"]

1. d4 d5 2. Nf3 Nf6 3. c4 c6 4. e3 Bg4 5. Nc3 e6 6. h3 Bh5 7. Qb3 Qb6 8. Ne5
Nbd7 9. g4 Bg6 10. Nxg6 hxg6 11. Bg2 g5 12. Bd2 Qa6 13. cxd5 exd5 14. O-O-O Qb6
15. Qc2 Bb4 16. Qf5 Nh7 17. h4 g6 18. Qc2 Bxc3 19. Bxc3 O-O-O 20. e4 Ndf6 21. e5
Nd7 22. Qd2 Nhf8 23. hxg5 Rxh1 24. Rxh1 Qa6 25. Kb1 Ne6 26. f4 Nc7 27. f5 Nb5
28. Bf1 Nxc3+ 29. Qxc3 Qb6 30. Bd3 Kb8 31. a3 c5 32. dxc5 Nxc5 33. Rd1 d4 34.
Qb4 Qc7 35. fxg6 fxg6 36. Bxg6 Qxe5 37. Bf5 d3 38. g6 Rd6 39. Qc3 Qe2 40. Rd2
Qe1+ 41. Qc1 Qxc1+ 42. Kxc1 Nb3+ 43. Kd1 Nxd2 44. Kxd2 Rd8 45. Be6 Kc7 46. g7
Kd6 47. g8=Q Rxg8 48. Bxg8 Ke5 49. Kxd3 1-0

[Event "chess.com Speed 2019"]
[Site "chess.com INT"]
[Date "2019.09.04"]
[Round "1.19"]
[White "Nepomniachtchi, Ian"]
[Black "Danielian, Elina"]
[Result "1-0"]
[WhiteTitle "GM"]
[BlackTitle "GM"]
[WhiteElo "2776"]
[BlackElo "2385"]
[WhiteFideId "4168119"]
[BlackFideId "13300210"]
[EventDate "2019.09.02"]

1. e4 c6 2. Nf3 d5 3. Nc3 Bg4 4. h3 Bxf3 5. Qxf3 e6 6. d4 dxe4 7. Nxe4 Nd7 8.
Bd3 Ngf6 9. O-O Nxe4 10. Qxe4 Nf6 11. Qe3 Bd6 12. c3 Qc7 13. Re1 O-O 14. Qf3
Rad8 15. h4 c5 16. Bg5 Be7 17. dxc5 Qxc5 18. Rad1 b6 19. Be3 Qc7 20. Bf4 Bd6 21.
Bg5 Be7 22. h5 h6 23. Bf4 Qc8 24. Be5 Rd5 25. c4 Rd7 26. b3 Rfd8 27. Bc2 Rxd1
28. Rxd1 Rxd1+ 29. Qxd1 Qd8 30. Qf3 Nd7 31. Qd3 Nf8 32. Qxd8 Bxd8 33. Bb8 a6 34.
Bd6 Nd7 35. g4 f6 36. f3 Nc5 37. Kf2 Nb7 38. Ba3 Nc5 39. b4 Nd7 40. Bc1 Kf7 41.
Be3 Ke7 42. Ba4 Bc7 43. Ke2 Ne5 44. Bb3 Nc6 45. a3 Ne5 46. Bf2 Nd7 47. Ba4 Ne5
48. Bg3 Kd8 49. Bb3 Nd7 50. Bf2 Ke7 51. Be3 Ne5 52. Ba2 Nd7 53. f4 Nb8 54. Bb3
Nd7 55. Ba4 e5 56. f5 Kd6 57. Kd3 Ke7 58. Ke4 Kd6 59. Bf2 Bd8 60. Bg1 Bc7 61.
Bxd7 Kxd7 62. Kd5 1-0

[Event "chess.com Speed 2019"]
[Site "chess.com INT"]
[Date "2019.09.04"]
[Round "1.20"]
[White "Danielian, Elina"]
[Black "Nepomniachtchi, Ian"]
[Result "0-1"]
[WhiteTitle "GM"]
[BlackTitle "GM"]
[WhiteElo "2385"]
[BlackElo "2776"]
[WhiteFideId "13300210"]
[BlackFideId "4168119"]
[EventDate "2019.09.02"]

1. d4 g6 2. Nf3 Bg7 3. c3 d6 4. e4 Nf6 5. Bd3 O-O 6. O-O c5 7. Re1 cxd4 8. cxd4
Nc6 9. Nc3 Bg4 10. Be3 Nd7 11. Be2 Nb6 12. b3 Rc8 13. Rc1 a6 14. Qd2 Nd7 15. h3
Bxf3 16. Bxf3 Qa5 17. Red1 Rfe8 18. Bg4 e6 19. Be2 Ne7 20. Nb1 Qxd2 21. Nxd2 Nc6
22. Nc4 Bf8 23. Bf4 e5 24. dxe5 dxe5 25. Be3 Nc5 26. f3 Nd4 27. Bxd4 exd4 28.
Kf1 Rcd8 29. Nb2 Ne6 30. Nd3 Ba3 31. Rc4 Rc8 32. Rd2 b5 33. Rcc2 Rc3 0-1

[Event "chess.com Speed 2019"]
[Site "chess.com INT"]
[Date "2019.09.04"]
[Round "1.21"]
[White "Nepomniachtchi, Ian"]
[Black "Danielian, Elina"]
[Result "1-0"]
[WhiteTitle "GM"]
[BlackTitle "GM"]
[WhiteElo "2776"]
[BlackElo "2385"]
[WhiteFideId "4168119"]
[BlackFideId "13300210"]
[EventDate "2019.09.02"]

1. f4 d5 2. Nf3 Nf6 3. g3 g6 4. Bg2 Bg7 5. O-O O-O 6. d3 c5 7. Qe1 Nc6 8. e4
dxe4 9. dxe4 e5 10. Nc3 exf4 11. Bxf4 Re8 12. h3 Nh5 13. Rd1 Qa5 14. Bd6 Nd4 15.
Nxd4 cxd4 16. Nd5 Qxe1 17. Rfxe1 Rd8 18. Be7 Re8 19. Bd6 Rd8 20. e5 Be6 21. Kf2
f6 22. Nc7 fxe5 23. Bxe5 Rf8+ 24. Kg1 1-0

[Event "chess.com Speed 2019"]
[Site "chess.com INT"]
[Date "2019.09.04"]
[Round "1.22"]
[White "Danielian, Elina"]
[Black "Nepomniachtchi, Ian"]
[Result "0-1"]
[WhiteTitle "GM"]
[BlackTitle "GM"]
[WhiteElo "2385"]
[BlackElo "2776"]
[WhiteFideId "13300210"]
[BlackFideId "4168119"]
[EventDate "2019.09.02"]

1. d4 f5 2. e4 Nf6 3. exf5 c5 4. dxc5 Na6 5. Be3 b6 6. cxb6 axb6 7. Nc3 Nc5 8.
Nf3 Qc7 9. h3 Bb7 10. Be2 e6 11. fxe6 Nxe6 12. O-O Be7 13. Re1 O-O 14. Nd4 Nf4
15. Bf3 Bc5 16. Ndb5 Qb8 17. a3 Kh8 18. b4 Bxe3 19. Rxe3 d5 20. Qd4 Bc8 21. Rae1
Bxh3 22. gxh3 Nxh3+ 23. Kf1 Qh2 24. Re7 Nf4 25. R1e3 Qh4 26. Ke1 Qg5 27. Kd2 Ng6
28. Re5 Nxe5 29. Qxe5 Qg1 30. Nd4 Qxf2+ 31. Re2 Qg1 32. Nxd5 Rae8 33. Qd6 Qxd4+ 0-1

[Event "chess.com Speed 2019"]
[Site "chess.com INT"]
[Date "2019.09.04"]
[Round "1.23"]
[White "Nepomniachtchi, Ian"]
[Black "Danielian, Elina"]
[Result "1-0"]
[WhiteTitle "GM"]
[BlackTitle "GM"]
[WhiteElo "2776"]
[BlackElo "2385"]
[WhiteFideId "4168119"]
[BlackFideId "13300210"]
[EventDate "2019.09.02"]

1. c4 c6 2. Nc3 d5 3. d4 dxc4 4. e3 b5 5. a4 b4 6. Na2 a5 7. Bxc4 e6 8. Nf3 Nf6
9. O-O Ba6 10. Bxa6 Nxa6 11. b3 c5 12. Bb2 Be7 13. Nc1 O-O 14. Nd3 cxd4 15. Nxd4
Rc8 16. Qc1 Rxc1 17. Raxc1 Qd5 18. Rfd1 h6 19. h3 Qg5 20. Nf3 Qf5 21. Nd4 Qe4
22. Nc6 Bd6 23. Nxa5 Nd5 24. Nc4 Bb8 25. Ne1 Qg6 26. Nf3 Nc5 27. Nce5 Bxe5 28.
Nxe5 Qh5 29. Rxd5 exd5 30. Rxc5 Qe2 31. Bd4 Qd1+ 32. Kh2 Qxb3 33. a5 Qa4 34. Nc6
b3 35. Ne7+ Kh7 36. Nf5 g6 37. Ne7 Qa2 38. Rb5 Qxf2 39. Nxd5 1-0

[Event "chess.com Speed 2019"]
[Site "chess.com INT"]
[Date "2019.09.04"]
[Round "1.24"]
[White "Danielian, Elina"]
[Black "Nepomniachtchi, Ian"]
[Result "0-1"]
[WhiteTitle "GM"]
[BlackTitle "GM"]
[WhiteElo "2385"]
[BlackElo "2776"]
[WhiteFideId "13300210"]
[BlackFideId "4168119"]
[EventDate "2019.09.02"]

1. d4 Nf6 2. Bg5 Ne4 3. Bf4 g5 4. Bc1 h6 5. f3 Nd6 6. e4 Bg7 7. Nc3 Nc6 8. Be3
e6 9. Nge2 Nc4 10. Bc1 d5 11. e5 f6 12. b3 fxe5 13. bxc4 exd4 14. cxd5 exd5 15.
Nb5 Qe7 16. Bb2 Qb4+ 17. c3 Qxb5 18. Rb1 d3 19. Nd4 Nxd4 20. cxd4 Bf5 21. Kf2
Qxb2+ 22. Rxb2 Bxd4+ 23. Kg3 Be5+ 24. Kf2 Bd4+ 25. Kg3 Be5+ 26. Kf2 Bxb2 27.
Bxd3 Bd4+ 28. Kg3 Be5+ 29. Kf2 Bd4+ 30. Ke2 Bxd3+ 31. Qxd3 c5 32. Qb5+ Ke7 33.
Qxb7+ Kd6 34. Rb1 Rhe8+ 35. Kf1 Rab8 36. Qxb8+ Rxb8 37. Rxb8 c4 38. Ke2 Be5 39.
g3 d4 40. Rc8 Kd5 41. Rd8+ Kc5 42. Rc8+ Kb4 43. Re8 d3+ 44. Ke3 Bb2 45. Rc8 Kc3
46. f4 Bc1+ 47. Kf2 gxf4 48. gxf4 Bxf4 49. Kf3 Bxh2 50. Ke4 d2 51. Rd8 Kc2 0-1

[Event "chess.com Speed 2019"]
[Site "chess.com INT"]
[Date "2019.09.04"]
[Round "1.25"]
[White "Nepomniachtchi, Ian"]
[Black "Danielian, Elina"]
[Result "1-0"]
[WhiteTitle "GM"]
[BlackTitle "GM"]
[WhiteElo "2776"]
[BlackElo "2385"]
[WhiteFideId "4168119"]
[BlackFideId "13300210"]
[EventDate "2019.09.02"]

1. Nf3 d5 2. Nc3 c6 3. d4 Nf6 4. Bg5 Ne4 5. e3 h6 6. Bf4 Bf5 7. Nxe4 Bxe4 8. Bd3
Bxd3 9. Qxd3 Nd7 10. O-O e6 11. e4 Be7 12. e5 c5 13. c3 Rc8 14. Rfe1 Qb6 15. b3
cxd4 16. cxd4 Qa6 17. Qd2 Nb8 18. Rec1 Nc6 19. h4 Ba3 20. Rc2 Kd7 21. Bg3 Nb4
22. Rxc8 Rxc8 23. Qf4 Ke8 24. h5 Qd3 25. Qg4 Kf8 26. Bf4 Qf5 27. Qg3 Rc2 28. Bd2
Nc6 29. b4 Nxb4 30. Bxb4+ Bxb4 31. Rb1 a5 32. a3 Rc3 33. Rb2 Rxa3 34. Qh4 Ke8
35. Re2 Rc3 36. Ra2 b6 37. Ra1 Rc2 38. Qg3 1-0

[Event "chess.com Speed 2019"]
[Site "chess.com INT"]
[Date "2019.09.04"]
[Round "1.26"]
[White "Danielian, Elina"]
[Black "Nepomniachtchi, Ian"]
[Result "0-1"]
[WhiteTitle "GM"]
[BlackTitle "GM"]
[WhiteElo "2385"]
[BlackElo "2776"]
[WhiteFideId "13300210"]
[BlackFideId "4168119"]
[EventDate "2019.09.02"]

1. d4 c5 2. d5 e5 3. e4 d6 4. Bb5+ Nd7 5. a4 a6 6. Bd3 Be7 7. Nf3 Ngf6 8. Nc3
O-O 9. O-O Nh5 10. Nxe5 Nxe5 11. Qxh5 Bg4 0-1

[Event "chess.com Speed 2019"]
[Site "chess.com INT"]
[Date "2019.09.04"]
[Round "1.27"]
[White "Nepomniachtchi, Ian"]
[Black "Danielian, Elina"]
[Result "1-0"]
[WhiteTitle "GM"]
[BlackTitle "GM"]
[WhiteElo "2776"]
[BlackElo "2385"]
[WhiteFideId "4168119"]
[BlackFideId "13300210"]
[EventDate "2019.09.02"]

1. d4 Nf6 2. c4 e6 3. Nc3 c5 4. d5 exd5 5. cxd5 Bd6 6. g3 Bc7 7. Bg2 d6 8. Nh3
O-O 9. O-O a6 10. Nf4 Re8 11. b3 Nbd7 12. Bb2 b5 13. Nd3 Rb8 14. Re1 c4 15. Nb4
Bb7 16. Nc6 Bxc6 17. dxc6 Nc5 18. Nd5 Nxd5 19. Qxd5 Re6 20. Rad1 Qe7 21. e3 Nd3
22. Rxd3 cxd3 23. Qxd3 Rd8 24. Bd5 Rh6 25. Ra1 Qg5 26. a4 Rh5 27. e4 Qg4 28. Qf1
b4 29. Rc1 a5 30. Rc4 Qf3 31. Rd4 Bb6 32. e5 Qf5 33. Rf4 Qc2 34. Bxf7+ Kh8 35.
Bxh5 Qxb2 36. e6 g6 37. Bxg6 hxg6 38. Qh3+ Kg8 39. e7 1-0

[Event "chess.com Speed 2019"]
[Site "chess.com INT"]
[Date "2019.09.04"]
[Round "1.28"]
[White "Danielian, Elina"]
[Black "Nepomniachtchi, Ian"]
[Result "0-1"]
[WhiteTitle "GM"]
[BlackTitle "GM"]
[WhiteElo "2385"]
[BlackElo "2776"]
[WhiteFideId "13300210"]
[BlackFideId "4168119"]
[EventDate "2019.09.02"]

1. d4 Nf6 2. Nf3 b5 3. Bg5 e6 4. Nbd2 h6 5. Bh4 Bb7 6. e3 a6 7. a4 b4 8. c3 c5
9. cxb4 cxd4 10. Nxd4 Bxb4 11. Nc2 Be7 12. b4 Nc6 13. Rb1 Ne5 14. Bg3 d6 15. Nd4
O-O 16. f3 Nd5 17. Qb3 Bh4 18. Kf2 Qf6 19. Ne4 Bxg3+ 20. hxg3 Ng4+ 21. Ke2 Qe5
22. Nc2 f5 0-1

[Event "chess.com Speed 2019"]
[Site "chess.com INT"]
[Date "2019.09.04"]
[Round "1.29"]
[White "Nepomniachtchi, Ian"]
[Black "Danielian, Elina"]
[Result "1-0"]
[WhiteTitle "GM"]
[BlackTitle "GM"]
[WhiteElo "2776"]
[BlackElo "2385"]
[WhiteFideId "4168119"]
[BlackFideId "13300210"]
[EventDate "2019.09.02"]

1. d4 Nf6 2. Nc3 e6 3. e4 Bb4 4. Bg5 h6 5. Bxf6 Qxf6 6. Ne2 d5 7. a3 Bxc3+ 8.
Nxc3 O-O 9. e5 Qe7 10. Bd3 b6 11. Qg4 Ba6 12. O-O-O c5 13. h4 Rc8 14. Rh3 cxd4
15. Rg3 Qf8 16. Bxa6 Nxa6 17. Rxd4 Rc7 18. Qe2 Nc5 19. Rdg4 Rac8 20. Rxg7+ Qxg7
21. Rxg7+ Kxg7 22. Kb1 Nd7 23. Qe3 Rc4 24. Ne2 Rxc2 25. Nf4 Rc1+ 26. Ka2 Rg1 27.
Nh5+ Kf8 28. Qxh6+ Ke7 29. Qg5+ Ke8 30. Qg8+ Nf8 31. Nf6+ Ke7 32. Qg5 Rcc1 33.
Nxd5+ Kd7 34. Qe7+ Kc6 35. Nb4+ Kb5 36. Qxf8 Ra1+ 37. Kb3 a5 38. Qe8+ Kc5 39.
Qc6+ Kd4 40. Qc3+ Ke4 41. Qf3+ Kxe5 42. Nd3+ Kd6 43. Qf4+ Ke7 44. Qc7+ Kf6 45.
Qxb6 Rgd1 46. Qd4+ Ke7 47. Qc5+ Kf6 48. Qg5# 1-0

[Event "chess.com Speed 2019"]
[Site "chess.com INT"]
[Date "2019.09.06"]
[Round "1.1"]
[White "Duda, Jan-Krzysztof"]
[Black "Giri, Anish"]
[Result "1/2-1/2"]
[WhiteTitle "GM"]
[BlackTitle "GM"]
[WhiteElo "2730"]
[BlackElo "2780"]
[WhiteFideId "1170546"]
[BlackFideId "24116068"]
[EventDate "2019.09.02"]

1. e4 e5 2. Nf3 Nc6 3. Bc4 Bc5 4. c3 Nf6 5. d3 d6 6. O-O h6 7. Nbd2 a6 8. a4 O-O
9. Re1 Be6 10. Bxe6 fxe6 11. b4 Ba7 12. Nc4 Nh5 13. Ra2 Qf6 14. Be3 Bxe3 15.
Rxe3 Qf7 16. g3 Nf6 17. h3 Kh8 18. Kg2 Ne7 19. Re1 Rad8 20. Qe2 Ng6 21. b5 axb5
22. axb5 Nh5 23. Qe3 Qf6 24. Nh2 Qe7 25. b6 c5 26. Ng4 Nf6 27. Ra7 Rd7 28. Rea1
Nxg4 29. hxg4 d5 30. Nd2 d4 31. cxd4 exd4 32. Qe2 Qg5 33. Nc4 Rdf7 34. Ra8 Kh7
35. Rxf8 Rxf8 36. e5 h5 37. Rh1 h4 38. Nd6 Kg8 39. Nxb7 hxg3 40. fxg3 Nxe5 41.
Nxc5 Re8 42. b7 Nc6 43. Rh5 Qg6 44. Qf3 Nb8 45. Re5 Rf8 46. Qe4 Qf7 47. Qe2 Qc7
48. Kh2 Rf2+ 49. Qxf2 Qxe5 50. Qf4 Qe2+ 51. Kh3 e5 52. Qf5 Qd1 53. Qc8+ Kh7 54.
Qf5+ Kg8 55. Qc8+ Kh7 56. g5 Qh5+ 57. Kg2 Qe2+ 58. Kh3 Qh5+ 59. Kg2 Qe2+ 60. Kg1
Qe1+ 61. Kh2 Qe2+ 62. Kh3 Qh5+ 1/2-1/2

[Event "chess.com Speed 2019"]
[Site "chess.com INT"]
[Date "2019.09.06"]
[Round "1.2"]
[White "Giri, Anish"]
[Black "Duda, Jan-Krzysztof"]
[Result "1/2-1/2"]
[WhiteTitle "GM"]
[BlackTitle "GM"]
[WhiteElo "2780"]
[BlackElo "2730"]
[WhiteFideId "24116068"]
[BlackFideId "1170546"]
[EventDate "2019.09.02"]

1. e4 c5 2. Nf3 d6 3. d4 cxd4 4. Nxd4 Nf6 5. Nc3 a6 6. Be2 e5 7. Nf3 Be7 8. Bg5
O-O 9. O-O Be6 10. Bxf6 Bxf6 11. Nd5 Nd7 12. Bc4 Rc8 13. Qe2 Nb6 14. Nxb6 Qxb6
15. Bxe6 fxe6 16. c3 Be7 17. Ne1 Rf6 18. Nd3 Rcf8 19. Kh1 Qc6 20. f3 Rh6 21. Nf2
Rg6 22. Rad1 b5 23. a3 Rgf6 24. Rd3 Rb8 25. Ng4 Rff8 26. Ne3 Rfd8 27. Rfd1 Bg5
28. Nc2 a5 29. Qe1 Rb7 30. Qg3 h6 31. Qg4 Kf7 32. h4 Bf6 33. Ne3 Rbd7 34. h5 Bg5
35. Qg3 Kg8 36. Ng4 Kh8 37. Qh3 Qc5 38. Qg3 Bf4 39. Qe1 Qc7 40. g3 Bg5 41. Kg2
Qc6 42. Qe2 Qc5 43. Qe1 Qc6 44. Qf2 Kg8 45. Qc2 Kh8 46. Qf2 Kg8 47. Qe2 Kh8 48.
Qe1 Qc5 49. b4 axb4 50. axb4 Qc6 51. Qe2 Kh7 52. Qa2 Qc4 53. Qa6 Rf7 54. Qa3
Rdd7 55. Qa6 Rd8 56. Qb6 Qa2+ 57. Qf2 Qxf2+ 58. Nxf2 Be7 59. Ra1 Bf8 60. Ra5 Rb8
61. Nd1 Rc7 62. Kf2 g6 63. hxg6+ Kxg6 64. Ne3 h5 65. Nc2 Be7 66. Na3 Rcb7 67.
Ke2 Rb6 68. Ra7 R8b7 69. Ra8 Rb8 70. Ra7 R8b7 71. Ra8 Rb8 72. Ra7 1/2-1/2

[Event "chess.com Speed 2019"]
[Site "chess.com INT"]
[Date "2019.09.06"]
[Round "1.3"]
[White "Duda, Jan-Krzysztof"]
[Black "Giri, Anish"]
[Result "1/2-1/2"]
[WhiteTitle "GM"]
[BlackTitle "GM"]
[WhiteElo "2730"]
[BlackElo "2780"]
[WhiteFideId "1170546"]
[BlackFideId "24116068"]
[EventDate "2019.09.02"]

1. e4 e5 2. Nf3 Nc6 3. Bc4 Bc5 4. d3 Nf6 5. c3 d6 6. O-O a6 7. a4 Ba7 8. Nbd2
O-O 9. h3 h6 10. Re1 Re8 11. Nf1 Be6 12. Bxe6 Rxe6 13. b4 d5 14. Qc2 Qd7 15. Ra2
Rd8 16. b5 Ne7 17. exd5 Qxd5 18. Be3 Bxe3 19. Nxe3 Qc5 20. Rb2 Ng6 21. bxa6 bxa6
22. d4 exd4 23. cxd4 Qa5 24. Rc1 c6 25. Rb7 Ne4 26. Qb3 Rf8 27. Rb6 Nd2 28. Nxd2
Qxd2 29. Qc3 Qxc3 30. Rxc3 Rd8 31. Rcxc6 Rxc6 32. Rxc6 Rxd4 33. Rxa6 Nf4 34. a5
Ra4 35. Ra8+ Kh7 36. Ra7 Kg6 37. h4 Ne2+ 38. Kf1 Nd4 39. g4 Nb3 40. a6 Nc5 41.
Rc7 Nxa6 42. Rc6+ Kh7 43. Kg2 g6 44. h5 gxh5 45. gxh5 Ra5 46. Ng4 Kg7 47. Nxh6
Rxh5 48. Rxa6 Rxh6 49. Rxh6 Kxh6 50. Kg3 Kg5 51. Kf3 Kf5 52. Kg3 Kg5 53. Kf3 Kf5
54. Kg3 Kg5 1/2-1/2

[Event "chess.com Speed 2019"]
[Site "chess.com INT"]
[Date "2019.09.06"]
[Round "1.4"]
[White "Giri, Anish"]
[Black "Duda, Jan-Krzysztof"]
[Result "1/2-1/2"]
[WhiteTitle "GM"]
[BlackTitle "GM"]
[WhiteElo "2780"]
[BlackElo "2730"]
[WhiteFideId "24116068"]
[BlackFideId "1170546"]
[EventDate "2019.09.02"]

1. d4 Nf6 2. c4 e6 3. Nf3 d5 4. g3 Be7 5. Bg2 O-O 6. O-O dxc4 7. Qc2 c6 8. Qxc4
b5 9. Qd3 Bb7 10. Bg5 Nbd7 11. Nbd2 a6 12. Nb3 c5 13. dxc5 Nxc5 14. Nxc5 Bxc5
15. Ne5 Bxg2 16. Kxg2 Qxd3 17. Nxd3 Rfc8 18. Bxf6 gxf6 19. a4 Be7 20. axb5 axb5
21. Rxa8 Rxa8 22. Rc1 Rb8 23. g4 Kf8 24. Rc6 b4 25. b3 Ra8 26. Rc4 Ra3 27. Nxb4
Rxb3 28. Nd3 Rb5 29. Rc8+ Kg7 30. Nf4 f5 31. h3 fxg4 32. hxg4 Bf8 33. Nh5+ Kg8
34. f4 h6 35. e4 f5 36. Rc7 Bd6 37. Rd7 Bc5 38. gxf5 exf5 39. Nf6+ Kf8 40. Rd5
Rb2+ 41. Kh3 Rb3+ 42. Kg2 Rb2+ 43. Kh3 Rb3+ 44. Kg2 Rb2+ 1/2-1/2

[Event "chess.com Speed 2019"]
[Site "chess.com INT"]
[Date "2019.09.06"]
[Round "1.5"]
[White "Duda, Jan-Krzysztof"]
[Black "Giri, Anish"]
[Result "1-0"]
[WhiteTitle "GM"]
[BlackTitle "GM"]
[WhiteElo "2730"]
[BlackElo "2780"]
[WhiteFideId "1170546"]
[BlackFideId "24116068"]
[EventDate "2019.09.02"]

1. e4 e5 2. Nf3 Nc6 3. Bc4 Bc5 4. d3 Nf6 5. O-O h6 6. c3 d6 7. Nbd2 O-O 8. Re1
a5 9. Nf1 a4 10. Bb5 a3 11. b4 Bb6 12. h3 Ne7 13. Ba4 Ng6 14. Bc2 d5 15. Bd2
dxe4 16. dxe4 Be6 17. Bb3 Qd7 18. c4 Bd4 19. Nxd4 Qxd4 20. Qc2 Rfd8 21. Rad1 Qb6
22. Ne3 Nf4 23. Nd5 Bxd5 24. exd5 Ng6 25. c5 Qb5 26. d6 e4 27. dxc7 Rd7 28. Bc3
Rxc7 29. Bxf6 gxf6 30. Rxe4 f5 31. Rg4 1-0

[Event "chess.com Speed 2019"]
[Site "chess.com INT"]
[Date "2019.09.06"]
[Round "1.6"]
[White "Giri, Anish"]
[Black "Duda, Jan-Krzysztof"]
[Result "1-0"]
[WhiteTitle "GM"]
[BlackTitle "GM"]
[WhiteElo "2780"]
[BlackElo "2730"]
[WhiteFideId "24116068"]
[BlackFideId "1170546"]
[EventDate "2019.09.02"]

1. d4 Nf6 2. c4 e6 3. Nf3 d5 4. Nc3 dxc4 5. e4 Bb4 6. Bxc4 Nxe4 7. O-O Nf6 8.
Qa4+ Nc6 9. Ne5 Bd6 10. Nxc6 bxc6 11. Qxc6+ Bd7 12. Qf3 O-O 13. Bg5 Rb8 14. b3
h6 15. Bh4 Rb6 16. Ne4 Be7 17. Nxf6+ Bxf6 18. Bxf6 Qxf6 19. Qxf6 gxf6 20. d5 e5
21. Rac1 Rd8 22. Be2 c6 23. Rfd1 Rc8 24. dxc6 Rcxc6 25. Rxc6 Bxc6 26. Rd6 Be4
27. Rxb6 axb6 28. g3 Kf8 29. f4 Ke7 30. Kf2 Bd5 31. Ke3 Kd6 32. Bd1 b5 33. a3
Ke6 34. a4 b4 35. a5 Kd6 36. Bf3 Bxf3 37. Kxf3 Kc5 38. Ke4 exf4 39. gxf4 Kb5 40.
Kd5 Kxa5 41. Kc5 f5 42. h4 h5 43. Kc4 Ka6 44. Kxb4 Kb6 45. Kc4 1-0

[Event "chess.com Speed 2019"]
[Site "chess.com INT"]
[Date "2019.09.06"]
[Round "1.7"]
[White "Duda, Jan-Krzysztof"]
[Black "Giri, Anish"]
[Result "0-1"]
[WhiteTitle "GM"]
[BlackTitle "GM"]
[WhiteElo "2730"]
[BlackElo "2780"]
[WhiteFideId "1170546"]
[BlackFideId "24116068"]
[EventDate "2019.09.02"]

1. e4 e5 2. Nf3 Nc6 3. Bc4 Bc5 4. c3 Nf6 5. d3 d6 6. O-O a6 7. a4 Ba7 8. Nbd2
O-O 9. h3 Be6 10. Bxe6 fxe6 11. Re1 Nh5 12. Nf1 a5 13. Be3 Nf4 14. Bxa7 Rxa7 15.
h4 Qf6 16. N1h2 Qg6 17. g3 Raa8 18. Kh1 Nh5 19. Re2 Rae8 20. Qb3 Rb8 21. Ng5
Rfe8 22. Re3 Nf6 23. Rae1 h6 24. Nh3 Kh8 25. Ng1 Nd7 26. Qd1 b5 27. Ngf3 b4 28.
d4 bxc3 29. bxc3 Rb2 30. R1e2 Reb8 31. Rxb2 Rxb2 32. Kg2 Nb6 33. Re2 Rxe2 34.
Qxe2 exd4 35. cxd4 Nb4 36. Nf1 Qe8 37. N1d2 Qxa4 38. h5 Qe8 39. Nh4 a4 40. Ng6+
Kg8 41. Nc4 Nd7 42. Na3 Nf6 43. Qc4 Nc6 44. Nf4 d5 45. Qxa4 dxe4 46. Nb5 Nxd4
47. Qxd4 Qxb5 48. Qd8+ Qe8 49. Qxc7 Nxh5 50. Qe5 Nxf4+ 51. Qxf4 Qg6 52. Kh2 Qf5
53. Qe3 Kh7 54. Kg1 Qf3 55. Qd4 Qf5 56. Qe3 Kg6 57. Qb6 Kf7 58. Qc7+ Kg8 59.
Qd8+ Kh7 60. Qd4 h5 61. Qe3 Kg6 62. Qb6 Kf7 63. Qc7+ Kg8 64. Qd8+ Kh7 65. Qd4
Qg6 66. Qe5 Qf5 67. Qd4 Kg6 68. Qb6 h4 69. gxh4 Kh5 70. Qc7 Kxh4 71. Qg3+ Kh5
72. Qxg7 Qg4+ 73. Qxg4+ Kxg4 74. Kf1 Kf3 75. Ke1 e3 76. fxe3 Kxe3 77. Kf1 e5 78.
Ke1 e4 0-1

[Event "chess.com Speed 2019"]
[Site "chess.com INT"]
[Date "2019.09.06"]
[Round "1.8"]
[White "Giri, Anish"]
[Black "Duda, Jan-Krzysztof"]
[Result "1/2-1/2"]
[WhiteTitle "GM"]
[BlackTitle "GM"]
[WhiteElo "2780"]
[BlackElo "2730"]
[WhiteFideId "24116068"]
[BlackFideId "1170546"]
[EventDate "2019.09.02"]

1. d4 Nf6 2. c4 e6 3. Nf3 d5 4. Nc3 dxc4 5. e4 Bb4 6. Bxc4 Nxe4 7. O-O Nf6 8.
Qa4+ Nc6 9. Ne5 Bd6 10. Nxc6 bxc6 11. Qxc6+ Bd7 12. Qf3 Rb8 13. b3 O-O 14. Bg5
h6 15. Bh4 Be7 16. Rad1 Rb6 17. Rfe1 Bc6 18. d5 exd5 19. Nxd5 Nxd5 20. Bxd5 Bxh4
21. Bxc6 Qf6 22. Qxf6 Bxf6 23. Rc1 Rd8 24. Rc2 Rb4 25. g3 Rbd4 26. h4 g5 27.
hxg5 hxg5 28. Kg2 Rd2 29. Re2 Rxc2 30. Rxc2 Bd4 31. b4 Kg7 32. a4 Kf6 33. a5 Be5
34. b5 Rd3 35. a6 Bd4 36. Be4 Rc3 37. Rxc3 Bxc3 1/2-1/2